Statistiques concernant La France d'Outre-Mer

Cliquez ici pour prendre le quiz!

Statistiques générales

  • Ce quiz a été pris 41 fois
  • Le résultat moyen est 10 sur 13

Statistiques - réponses

StatutLocalisationRéponse% Correct
DépartementOcéan Atlantique972Martinique
97%
CollectivitéOcéan Atlantique978Saint-Martin
97%
DépartementOcéan Atlantique971Guadeloupe
94%
DépartementAmérique du Sud973Guyane
94%
DépartementOcéan Indien974Réunion
94%
DépartementOcéan Indien976Mayotte
86%
CollectivitéOcéan Pacifique988Nouvelle-Calédonie
81%
CollectivitéOcéan Atlantique975Saint-Pierre-et-Miquelon
72%
CollectivitéOcéan Pacifique987Polynésie Française
67%
CollectivitéOcéan Pacifique986Wallis-et-Futuna
67%
CollectivitéOcéan Atlantique977Saint-Barthélemy
61%
Propriété domanialeOcéan Pacifique989Clipperton
28%
TerritoireOcéan Indien et Antarctique984Terres Australes et Antarctiques Françaises
22%

Distribution des résultats

Percentile par nombre de réponses

% des personnes avec chaque résultat

Votre développement - résultats

Vous n’avez pas pris ce quiz